<?xml version="1.0" encoding="UTF-8"?>
<record
    xmlns:xsi="http://www.w3.org/2001/XMLSchema-instance"
    xsi:schemaLocation="http://www.loc.gov/MARC21/slim http://www.loc.gov/standards/marcxml/schema/MARC21slim.xsd"
    xmlns="http://www.loc.gov/MARC21/slim">

  <leader>00890nam a2200181Ia 4500</leader>
  <controlfield tag="008">230920s9999    xx            000 0 und d</controlfield>
  <datafield tag="020" ind1=" " ind2=" ">
    <subfield code="a">97808028142340851118747</subfield>
  </datafield>
  <datafield tag="041" ind1=" " ind2=" ">
    <subfield code="a">eng</subfield>
  </datafield>
  <datafield tag="050" ind1=" " ind2=" ">
    <subfield code="a">BS2625.3</subfield>
    <subfield code="b">.M35 1980</subfield>
  </datafield>
  <datafield tag="100" ind1=" " ind2=" ">
    <subfield code="a">Marshall, I. Howard</subfield>
  </datafield>
  <datafield tag="245" ind1=" " ind2="4">
    <subfield code="a">The Book of Acts : </subfield>
    <subfield code="b">An Introduction and Commentary /</subfield>
    <subfield code="c">I. Howard Marshall</subfield>
  </datafield>
  <datafield tag="260" ind1=" " ind2=" ">
    <subfield code="a">Downers Grove, Ill. : </subfield>
    <subfield code="b">InterVarsity Press,</subfield>
    <subfield code="c">1980</subfield>
  </datafield>
  <datafield tag="300" ind1=" " ind2=" ">
    <subfield code="a">427 p.</subfield>
    <subfield code="b">;</subfield>
    <subfield code="c">19 cm.</subfield>
  </datafield>
  <datafield tag="490" ind1=" " ind2=" ">
    <subfield code="a">Tydale New Testament Commentaries  </subfield>
    <subfield code="v">5</subfield>
  </datafield>
  <datafield tag="505" ind1=" " ind2=" ">
    <subfield code="a">General preface Author's preface Chief abbreviations Bibliography Map : The Near East in the first century AD Introduction. The purpose of Acts The theology of Acts The historicity of Acts The origins of Acts The permanent value of Acts Analysis Commentary</subfield>
  </datafield>
  <datafield tag="650" ind1=" " ind2=" ">
    <subfield code="a">Bible. Acts Criticism, interpretation, etc..Criticism, interpretation, etc..Bible. Acts Theology.</subfield>
  </datafield>
  <datafield tag="999" ind1=" " ind2=" ">
    <subfield code="c">48305</subfield>
    <subfield code="d">48305</subfield>
  </datafield>
</record>
